The girl with the dragon tattoo : gender performativity in text and film /
Saved in:
| Main Author: | |
|---|---|
| Format: | Thesis Book |
| Language: | English |
| Published: |
2018.
|
| Subjects: | |
| Tags: |
Add Tag
No Tags, Be the first to tag this record!
|
| LEADER | 01282cam a2200325 i 4500 | ||
|---|---|---|---|
| 001 | u1126692 | ||
| 003 | SIRSI | ||
| 005 | 201911181527 | ||
| 008 | 191118s2018 my a m 000 0 eng | ||
| 040 | |a UMM |e rda | ||
| 090 | |a PR13 |b UM 2018 Sup | ||
| 100 | 1 | |a Supardan, Admiral Indra, |e author. | |
| 245 | 1 | 4 | |a The girl with the dragon tattoo : |b gender performativity in text and film / |c Admiral Indra Supardan. |
| 264 | 1 | |c 2018. | |
| 300 | |a ix, 141 pages : |b illustrations ; |c 30 cm | ||
| 336 | |a text |2 rdacontent | ||
| 337 | |a unmediated |2 rdamedia | ||
| 338 | |a volume |2 rdacarrier | ||
| 502 | |b M.A.Eng.Lit. |c Jabatan Bahasa Inggeris, Fakulti Sastera dan Sains Sosial, Universiti Malaya |d 2018. | ||
| 504 | |a Bibliography: leaves 93-98. | ||
| 650 | 0 | |a Sex role in motion pictures. | |
| 650 | 0 | |a Sex role in literature. | |
| 650 | 0 | |a Gender identity in literature. | |
| 650 | 0 | |a Gender identity in motion pictures. | |
| 650 | 0 | |a English fiction |x History and criticism. | |
| 650 | 0 | |a Motion pictures |x History and criticism. | |
| 710 | 2 | |a Universiti Malaya. |b Jabatan Bahasa Inggeris, |e degree granting institution. | |
| 596 | |a 1 | ||
| 900 | |a MSI NSM | ||
| 999 | |a PR13 UM 2018 SUP |w LC |c 1 |i A517080386 |d 5/4/2022 |e 5/4/2022 |f 27/11/2019 |g 1 |l STACKS |m P01UTAMA |n 1 |r Y |s Y |t TESIS |u 26/11/2019 |1 AHSS | ||
